[Event "MTel"]
[Site "Sofia BUL"]
[Date "2007.05.16"]
[Round "6"]
[White "Nisipeanu, LD."]
[Black "Topalov, V."]
[Result "0-1"]
[WhiteElo "2693"]
[BlackElo "2772"]
[PlyCount "108"]
[EventDate "2007.05.10"]

1. e4 c5 2. Nf3 d6 3. d4 cxd4 4. Nxd4 Nf6 5. Nc3 a6 6. Be3 e5 7. Nde2 Be6 8. f4
g6 9. h3 h5 10. fxe5 dxe5 11. Qxd8+ Kxd8 12. O-O-O+ Nbd7 13. Ng1 Rc8 14. Bd3
Bh6 15. Bxh6 Rxh6 16. Nf3 Ke7 17. Ng5 h4 18. Be2 Rc5 19. Rhf1 Rh8 20. Rd3 Rhc8
21. Kd2 b5 22. a3 a5 23. b4 axb4 24. axb4 R5c6 25. Rdf3 Bc4 26. Bxc4 Rxc4 27.
Ra1 Rxb4 28. Nd5+ Nxd5 29. Rxf7+ Kd6 30. exd5 Rd4+ 31. Kc1 Nc5 32. Raa7 e4 33.
Ne6 Rc4 34. Nxc5 R8xc5 35. Rad7+ Ke5 36. Rf2 b4 37. Re7+ Kd6 38. Rb7 Kxd5 39.
Kb2 e3 40. Re2 Re4 41. Kb3 Ke5 42. Rf7 g5 43. Rf8 Rd5 44. c4 Rd7 45. Re1 Rd2
46. Kxb4 Rxg2 47. Kc3 Rg3 48. Re8+ Kf5 49. Rf1+ Kg6 50. Rxe4 e2+ 51. Rf3 Rxf3+
52. Kd2 Rxh3 53. c5 Ra3 54. c6 Ra2+ 0-1